The America`s Flags - Statistics

General Stats
  • This quiz has been taken 13 times
  • The average score is 30 of 35
Answer Stats
Picture Answer % Correct
Canada
100%
Chile
100%
United States of America
100%
Argentina
90%
Brazil
90%
Colombia
90%
Cuba
90%
Dominican Republic
90%
Ecuador
90%
Guatemala
90%
Honduras
90%
Jamaica
90%
Mexico
90%
Panama
90%
Paraguay
90%
Peru
90%
Uruguay
90%
Venezuela
90%
Antigua and Barbuda
80%
Bahamas
80%
Barbados
80%
Belize
80%
Bolivia
80%
Costa Rica
80%
Dominica
80%
El Salvador
80%
Grenada
80%
Guyana
80%
Haiti
80%
Nicaragua
80%
St Lucia
80%
Suriname
80%
Trinidad and Tobago
80%
Saint Kitts and Nevis
70%
Saint Vincent and the Grenadines
70%
No matching quizzes found
Score Distribution
Percent of People with Each Score
Percentile by Number Answered
Your Score History
You have not taken this quiz